Zone of flow separation at the upstream edge of a ractangular broad-crested weir

Podrobná bibliografia
Hlavní autori: Zachoval, Zbyněk (Author), Mistrová, Ivana (Author), Roušar, Ladislav (Author), Šulc, Jan (Author), Zubík, Pavel (Author)
Médium: Článok
Jazyk:English
Témy:
Zdroj: 1. Journal of hydrology and hydromechanics 1. Roč. 60, č. 4 (2012), s. 288-298 1. 0042-790X
LEADER 01218nab#a2200421#ar4500
001 000110216
003 SVKKK
005 20130416083435.0
008 130416c2012 xo |||||||||||||||b|eng
FMT
015 |a SNBRB2013/04 
038 |a SVKKK 
040 |a SVKKK  |b slo  |e AACR2 
041 0 |a eng  |b eng 
044 |a xo  |c SK 
080 |a 556.536  |2 2008 
080 |a 532.533  |2 2008 
242 1 0 |a Oblasť odtrhnutia prúdu na návodnej hrane pravouhlého prielivu so širokou korunou 
245 1 0 |a Zone of flow separation at the upstream edge of a ractangular broad-crested weir  |c Zbyněk Zachoval ... [et al.] 
300 |b Obr., tab. 
504 |a Bibliogr. odkazy 
504 |a Res. angl. 
650 0 4 |a pravouhlý prieliv so širokou korunou 
650 0 4 |a oblasť odtrhnutia 
650 0 4 |a odtrhnutý prúd 
700 1 |a Zachoval, Zbyněk  |4 aut 
700 1 |a Mistrová, Ivana  |4 aut 
700 1 |a Roušar, Ladislav  |4 aut 
700 1 |a Šulc, Jan  |4 aut 
700 1 |a Zubík, Pavel  |4 aut 
773 0 |t Journal of hydrology and hydromechanics  |g Roč. 60, č. 4 (2012), s. 288-298  |x 0042-790X 
958 |a NB 
974 |a Ma 
992 |a RBX 
BAS
852 |a SVKKK  |b BIB 
EXP
998 |a GEO